[Event "15th Open"]
[Site "Balaguer ESP"]
[Date "2010.07.21"]
[Round "3"]
[White "Aloma Vidal,R"]
[Black "Andriasian,Z"]
[Result "1/2-1/2"]
[WhiteElo "2445"]
[BlackElo "2588"]

1.d4 d5 2.c4 c6 3.Nf3 Nf6 4.Nc3 dxc4 5.a4 Bf5 6.Ne5 Nbd7 7.Nxc4 Qc7 8.g3 e5
9.dxe5 Nxe5 10.Bf4 Nfd7 11.Qc1 Be6 12.Nxe5 Nxe5 13.Bg2 Bd6 14.O-O Nc4 15.b4 O-O
16.b5 Rad8 17.Bxd6 Qxd6 18.Ne4 Qe5 19.Qc3 Qxc3 20.Nxc3 Na5 21.bxc6 bxc6 22.Rfd1 Rxd1+
23.Rxd1 Rb8 24.f4 Kf8 25.Ne4 Ke7 26.Nc5 Rb4 27.e4 Nb3 28.Nxe6 fxe6 29.e5 Nd4
30.a5 c5 31.a6 Rb2 32.Kf1 Kd7 33.Rc1 Nb3 34.Rc3 c4 35.g4 Nd2+ 36.Kg1 Rb3
37.Rc1 c3 38.Kf2 Rb2 39.Ke1 Nb1 40.Be4 Nd2 41.Bb7 Nb1 42.Be4  1/2-1/2

[Event "Sparkassen Open A"]
[Site "Dortmund GER"]
[Date "2010.07.21"]
[Round "5"]
[White "Kartsev,A2"]
[Black "Rott,G"]
[Result "1/2-1/2"]
[WhiteElo "2145"]
[BlackElo "2221"]

1.d4 d5 2.c4 c6 3.Nf3 Nf6 4.Nc3 dxc4 5.a4 Bf5 6.Ne5 Na6 7.e3 e6 8.Bxc4 Nb4
9.O-O Nd7 10.Nxd7 Qxd7 11.e4 Bg6 12.Be3 Be7 13.Qe2 O-O 14.Rad1 Rfd8 15.Rd2 h6
16.Rfd1 Qc7 17.Qg4 Qa5 18.f3 Kh7 19.Qg3 Rd7 20.Qf2  1/2-1/2

[Event "Corporation Centre Cup"]
[Site "Izhevsk RUS"]
[Date "2010.07.21"]
[Round "7"]
[White "Lykov,S"]
[Black "Girya,O"]
[Result "0-1"]
[WhiteElo "2223"]
[BlackElo "2376"]

1.d4 d5 2.Nf3 Nf6 3.c4 c6 4.Nc3 dxc4 5.a4 Bf5 6.e3 e6 7.Bxc4 Bb4 8.O-O O-O
9.Qe2 Nbd7 10.e4 Bg6 11.e5 Nd5 12.Nxd5 cxd5 13.Bd3 Bxd3 14.Qxd3 Be7 15.Bd2 Nb8
16.b4 Nc6 17.Rfb1 Rc8 18.a5 a6 19.b5 axb5 20.Rxb5 Rc7 21.Rab1 Qa8 22.R1b3 Qa7
23.Qe3 Rfc8 24.g3 Rd7 25.Kg2 Bd8 26.Qc3 h6 27.h4 Qa8 28.Qb2 Bxa5 29.Ra3 b6
30.Rxb6 Ra7 31.Bxa5 Nxa5 32.Qa1 Rcc7 33.Ra4 Nc4 34.Rba6 Rxa6 35.Rxa6 Qb7
36.Ra8+ Kh7 37.h5 Qb5 38.Qa4 Ne3+ 39.fxe3 Qe2+ 40.Kh3 Qxf3 41.Qb3 Qxh5+ 42.Kg2 Qe2+
43.Kh3 Rc1  0-1

[Event "Sparkassen Open A"]
[Site "Dortmund GER"]
[Date "2010.07.22"]
[Round "6"]
[White "Zimmermann,Dir"]
[Black "Fichtner,E"]
[Result "1/2-1/2"]
[WhiteElo "2085"]
[BlackElo "1972"]

1.d4 d5 2.c4 c6 3.Nf3 Nf6 4.Nc3 dxc4 5.a4 Bf5 6.e3 e6 7.Bxc4 Bb4 8.O-O Nbd7
9.Qe2 Bg4 10.Qd1 O-O 11.Be2 Qe7 12.Na2 Bd6 13.Bd2 Rfd8 14.Bc3 Ne4 15.h3 Bh5
16.Nd2 Bxe2 17.Qxe2 Ndf6 18.Nxe4 Nxe4 19.Qc2 Nf6 20.Rfd1 Rac8 21.Rac1 Nd5
22.Qe4 Bb8 23.f4 Bd6 24.Kh1 Rc7 25.Qf3 Rcd7 26.e4 Nb4 27.Nxb4 Bxb4 28.Qe2 Bxc3
29.bxc3 Qd6 30.e5 Qd5 31.Rb1 Qa5 32.Qc4 Qc7 33.Rf1 g6 34.Rb2 a6 35.Ra1 Rd5
36.a5 R8d7 37.Rab1 Qxa5 38.Rxb7 Rxb7 39.Rxb7 Qa1+ 40.Kh2 Qc1 41.Qxc6 Qxf4+
42.Kh1 Qf1+ 43.Kh2 Ra5 44.Qf3 Qxf3 45.gxf3 Ra2+  1/2-1/2

[Event "15th Open"]
[Site "Balaguer ESP"]
[Date "2010.07.23"]
[Round "5"]
[White "Melkumyan,H"]
[Black "Pozo Vera,S"]
[Result "1-0"]
[WhiteElo "2606"]
[BlackElo "2453"]

1.d4 d5 2.c4 c6 3.Nf3 Nf6 4.Nc3 dxc4 5.a4 Bf5 6.Nh4 e6 7.Nxf5 exf5 8.e3 Bb4
9.Bxc4 O-O 10.O-O Nbd7 11.Qc2 Nb6 12.Bb3 Qd7 13.Bd2 a5 14.Rad1 Rfe8 15.f3 f4
16.Qd3 fxe3 17.Bxe3 Nfd5 18.Bc1 Bf8 19.Ne4 g6 20.Qd2 Bg7 21.Rfe1 Qc7 22.Qf2 Nd7
23.h4 h5 24.Kh1 Re6 25.Ng5 Rxe1+ 26.Rxe1 N7f6 27.Ne4 Nd7 28.Ng5 N7f6 29.Bc4 Re8
30.Bd2 Rxe1+ 31.Qxe1 b6 32.Qe5 Qd8 33.Qg3 Nh7 34.Ne4 Bxd4 35.b3 Qe7 36.Bh6 Qe5
37.Qh3 f5 38.Qg3 Qxg3 39.Nxg3 Bf6 40.Ne2 Bxh4 41.Be3 Kg7 42.Bxd5 cxd5 43.Bxb6 Be1
44.Nf4 Nf6 45.Bd4 Kf7 46.Nd3 Bd2 47.Ne5+ Ke6 48.Nxg6 Nd7 49.Kh2 Nb8 50.Kg3 Nc6
51.Bh8 Be1+ 52.Kh3 Bd2 53.g3 d4 54.Kg2 Bg5 55.Kf2 f4 56.gxf4 Bf6 57.Bxf6 Kxf6
58.Nh4 Nb4 59.Ke2 Nd5 60.Kd3 Nxf4+ 61.Kxd4 Kg5 62.Ke4 Kxh4 63.Kxf4 Kh3 64.Kg5 h4
65.f4 Kg3 66.f5 h3 67.f6 h2 68.f7 h1=Q 69.f8=Q Qh4+ 70.Kg6 Qg4+ 71.Kh7 Qe4+
72.Kg8 Qd5+ 73.Qf7 Qd8+ 74.Kh7 Qh4+ 75.Kg7 Qd4+ 76.Qf6 Qc5 77.Qe6 Kf4 78.Kf7 Qb4
79.Qd5 Ke3 80.Ke6 Qb6+ 81.Kd7 Qa7+ 82.Kc6 Ke2 83.Qe6+ Kf3 84.Kb5 Kf4 85.Qb6 Qa8
86.Qc7+ Ke3 87.Kb6 Qd5 88.Qc5+  1-0

[Event "Sparkassen Open A"]
[Site "Dortmund GER"]
[Date "2010.07.23"]
[Round "7"]
[White "Schorra,H"]
[Black "Rott,G"]
[Result "0-1"]
[WhiteElo "2111"]
[BlackElo "2221"]

1.Nf3 d5 2.d4 Nf6 3.c4 c6 4.Nc3 dxc4 5.a4 Bf5 6.Ne5 Nbd7 7.Nxc4 e6 8.f3 Nb6
9.Ne5 Bb4 10.Bg5 h6 11.Bh4 Nbd5 12.Qd2 Ne4 13.Bxd8 Nxd2 14.Kxd2 Rxd8 15.e4 c5
16.Bb5+ Ke7 17.Ke2 Nf4+ 18.Kf2 cxd4 19.Na2 Bd6 20.Nc4 Bg6 21.Nxd6 Kxd6 22.g3 Nh5
23.Rac1 Rc8 24.Nb4 e5 25.Nd3 f6 26.Bc4 Rc7 27.Bd5 Rb8 28.Rxc7 Kxc7 29.Rc1+ Kd6
30.Nc5 b6 31.Na6 Rd8 32.Rc6+ Ke7 33.Nb4 Be8 34.Rc7+ Rd7 35.Nc6+ Kd6 36.Rc8 Bf7
37.Bxf7 Rxf7 38.b4 a6 39.Nb8 Rc7 40.Rxc7 Kxc7 41.Nxa6+ Kc6 42.b5+ Kd6 43.Nb4 Kc5
44.Nd5 f5 45.Ne7 fxe4 46.fxe4 Nf6 47.Kf3 h5 48.Nc6 Nd7 49.Ke2 Kc4 50.Kd2 d3
51.h4 g6 52.Ne7 Nc5 53.Ke3 Nxa4 54.Nd5 d2 55.Kxd2 Kd4 56.Ne7 Nc5 57.g4 Nxe4+
58.Ke1 hxg4 59.Nxg6 Nf6 60.Ne7 Nh5 61.Nc6+ Kd5 62.Kf2 g3+ 63.Ke3 Nf4 64.Ne7+ Ke6
65.Nc8 g2 66.Kf2 e4 67.Nxb6 e3+ 68.Kxe3 g1=Q+ 69.Kxf4 Qxb6  0-1

[Event "TCh-MNE Premier League"]
[Site "Cetinje MNE"]
[Date "2010.07.24"]
[Round "1"]
[White "Lekic,D"]
[Black "Raicevic,M"]
[Result "1-0"]
[WhiteElo "2400"]
[BlackElo "2359"]

1.d4 d5 2.c4 c6 3.Nc3 Nf6 4.Nf3 dxc4 5.a4 Bf5 6.Ne5 Nbd7 7.Nxc4 Nb6 8.Ne5 a5
9.g3 Nfd7 10.Nd3 e6 11.Bg2 h6 12.e4 Bh7 13.Qb3 Bd6 14.Be3 O-O 15.O-O Rb8
16.Rfd1 Nc8 17.d5 exd5 18.exd5 Bxd3 19.Rxd3 Nc5 20.Bxc5 Bxc5 21.Ne4 Bb4 22.dxc6 Qb6
23.cxb7 Rxb7 24.Nc5 Bxc5 25.Bxb7 Bxf2+ 26.Kg2 Qa7 27.Rf1 Bd4 28.Rfd1 Bf6
29.Bxc8 Rxc8 30.Rd7 Qa8+ 31.Kh3 Qe4 32.Qxf7+ Kh8 33.Qd5 Qxa4 34.Rf1 Qc2 35.Rxf6 gxf6
36.Qh5 Qc1 37.Qf5  1-0

[Event "Sparkassen Open A"]
[Site "Dortmund GER"]
[Date "2010.07.24"]
[Round "8"]
[White "Krueger,An"]
[Black "Schiefelbusch,D"]
[Result "1-0"]
[WhiteElo "2061"]
[BlackElo "2135"]

1.d4 d5 2.c4 c6 3.Nf3 Nf6 4.Nc3 dxc4 5.a4 Bf5 6.Ne5 Nbd7 7.Nxc4 Qc7 8.g3 e5
9.dxe5 Nxe5 10.Bf4 Nfd7 11.Bg2 Rd8 12.Qc1 f6 13.O-O Be6 14.Nxe5 Nxe5 15.Qe3 Qa5
16.Bxe5 fxe5 17.Qg5 h6 18.Qg6+ Bf7 19.Qg4 h5 20.Qg5 h4 21.Rad1 Rh5 22.Qg4 hxg3
23.hxg3 Rh6 24.Qg5 Rhd6 25.b4 Qxb4 26.Qxe5+ Be7 27.Rxd6 Qxd6 28.Qf5 Qf6 29.Qc2 Qd4
30.Rb1 Qd7 31.Be4 Kf8 32.Bf5 Qc7 33.Bg6 Bxg6 34.Qxg6 Rd6 35.Qf5+ Rf6 36.Qh7 Rh6
37.Qf5+ Rf6 38.Qg4 Bd8 39.Ne4 Rf7 40.Nc5 Qd6 41.Qc8 Ke8 42.Nxb7 Qd7 43.Qa8 Re7
44.Nxd8 Qxd8 45.Rb8  1-0

[Event "XIV Battle Of Senta"]
[Site "Senta SRB"]
[Date "2010.07.24"]
[Round "9"]
[White "Stanojevic,B"]
[Black "Domany,Z"]
[Result "0-1"]
[WhiteElo "2292"]
[BlackElo "2175"]

1.d4 d5 2.c4 c6 3.Nf3 Nf6 4.Nc3 dxc4 5.a4 Bf5 6.Ne5 e6 7.f3 Nbd7 8.e4 Bg6
9.Nxc4 Nb6 10.a5 Nxc4 11.Bxc4 Be7 12.Be3 O-O 13.O-O Rc8 14.Qb3 Qc7 15.Rfd1 b5
16.axb6 axb6 17.Qa2 b5 18.Bf1 b4 19.Na4 Bxe4 20.Nc5 Bd5 21.Qa7 Bd6 22.Qxc7 Rxc7
23.Ra6 Nd7 24.Ne4 Be7 25.Rda1 f5 26.Ra7 Rxa7 27.Rxa7 fxe4 28.Rxd7 Rf7 29.fxe4 Bxe4
30.Bc4 Bd5 31.Bxd5 cxd5 32.Rb7 Bf8 33.Rb8 Rc7 34.Bf4 Rc6 35.b3 Kf7 36.Bd2 Rc2
37.Bf4 Rc3 38.g4 Rxb3 39.Rb7+ Kg6 40.h4 h6 41.Rb6 Kf7 42.Rb7+ Kg6 43.Rb6 Rb1+
44.Kg2 b3 45.h5+ Kf6 46.Be5+ Kg5 47.Kg3  0-1

[Event "TCh-MNE Premier League"]
[Site "Cetinje MNE"]
[Date "2010.07.25"]
[Round "2"]
[White "Rajkovic,Du"]
[Black "Savic,Miod1"]
[Result "0-1"]
[WhiteElo "2453"]
[BlackElo "2477"]

1.d4 d5 2.c4 c6 3.Nf3 Nf6 4.Nc3 dxc4 5.a4 Bf5 6.Nh4 Bg4 7.h3 Bh5 8.g4 Bg6
9.Nxg6 hxg6 10.e3 e6 11.Bxc4 Bb4 12.Bd2 Nbd7 13.Qf3 a5 14.Rd1 Qe7 15.h4 Nd5
16.h5 gxh5 17.gxh5 O-O-O 18.Ke2 N5b6 19.Bb3 f6 20.Na2 Bxd2 21.Rxd2 e5 22.Qf5 Kc7
23.Rhd1 Qe8 24.Qg6 Qxg6 25.hxg6 Rh6 26.dxe5 fxe5 27.Bf7 Nxa4 28.Rd6 Nac5
29.Nc3 Rhh8 30.Kf3 b5 31.Kg2 b4 32.Ne2 Nf6 33.Rxd8 Rxd8 34.Rxd8 Kxd8 35.Ng3 a4
36.Nf5 Ne8 37.Kf3 Nd3 38.Ke4 Nxb2 39.Kxe5 Nd3+ 40.Kd4 Nxf2 41.Kc4 b3 42.Kb4 Ne4
43.Ka3 N4d6 44.Nd4 Nb5+ 45.Kxa4 b2 46.Ba2 Nxd4 47.exd4 Nd6 48.Kb4 Kc7 49.Kc3 Nb5+
50.Kxb2 Nxd4 51.Kc3 Ne2+ 52.Kc4 Kd6 53.Bb1 Nf4 54.Be4 Nd5 55.Bb1 Nb6+ 56.Kd4 c5+
57.Ke4 Nd5 58.Bc2 Ne7 59.Ke3 Kd5 60.Be4+ Ke5 61.Bb1 c4 62.Kd2 Kd4 63.Bc2 Nd5
64.Bb1 Ne3 65.Ke2 c3 66.Ba2 Nd5 67.Bb1 Nb4 68.Bf5 Ke5 69.Bd7 Kd4 70.Bf5 Nd5
71.Bb1 Ne7 72.Bc2 Nc6 73.Bb1 Kc4 74.Ke3 Kb3 75.Be4 Kb2 76.Kf4 c2 77.Bxc2 Kxc2
78.Kf5 Nd8  0-1

[Event "Sparkassen Open A"]
[Site "Dortmund GER"]
[Date "2010.07.25"]
[Round "9"]
[White "Frombach,R"]
[Black "Krueger,An"]
[Result "0-1"]
[WhiteElo "2224"]
[BlackElo "2061"]

1.d4 d5 2.c4 c6 3.Nc3 Nf6 4.Nf3 dxc4 5.a4 Bf5 6.e3 e6 7.a5 Bb4 8.Qa4 Qe7
9.Bxc4 O-O 10.O-O Nbd7 11.Be2 Rac8 12.Nh4 Ne4 13.Nxf5 exf5 14.Qb3 Ndf6 15.Bd3 Bd6
16.g3 c5 17.Nb5 Bb8 18.a6 bxa6 19.Rxa6 Qb7 20.Qa2 Ng5 21.e4 Nf3+ 22.Kg2 fxe4
23.Bc4 cxd4 24.Nd6 Bxd6 25.Rxd6 Qc7 26.Rxf6 gxf6 27.Bd5 Qe7 28.Bh6 Rfd8 29.Qa6 Rc5
30.Ba2 Rh5 31.h4 Rxh6  0-1

[Event "3rd Open"]
[Site "Paleochora GRE"]
[Date "2010.07.25"]
[Round "5"]
[White "Batsiashvili,N"]
[Black "Svetushkin,D"]
[Result "0-1"]
[WhiteElo "2383"]
[BlackElo "2560"]

1.d4 d5 2.c4 c6 3.Nf3 Nf6 4.Nc3 dxc4 5.a4 Bf5 6.Ne5 Nbd7 7.Nxc4 Nb6 8.Ne5 a5
9.e3 g6 10.Bd3 Be6 11.O-O Bg7 12.Ne2 Nfd5 13.f4 Nb4 14.Bb1 f5 15.Ra3 O-O
16.e4 fxe4 17.Bxe4 Nc4 18.Raf3 Nd6 19.Bb1 Qc8 20.h3 Bf5 21.Bxf5 gxf5 22.Ng3 Qe8
23.Rc3 Nd5 24.Rc5 Kh8 25.Qe1 Bf6 26.Rxa5 Bh4 27.Rxa8 Qxa8 28.Nf3 Bxg3 29.Qxg3 Qxa4
30.Re1 Ne4 31.Qh4 Rg8 32.Kh2 Qc2 33.Ng5 Rg7 34.Qh5 Ndf6 35.Qe2 Qb3 36.Be3 Nd5
37.Nxe4 fxe4 38.g4 Rg6 39.f5 Rd6 40.Bc1 e3 41.Bxe3 Kg8 42.Bg5 Kf7 43.Bc1 Ke8
44.Bf4 Qxh3+ 45.Kxh3 Nxf4+ 46.Kg3 Nxe2+ 47.Rxe2 Rxd4 48.Rh2 Rb4 49.g5 Kf8
50.Rxh7 Rxb2 51.g6 Re2 52.f6 exf6 53.Rxb7 Re7 54.Rb8+ Kg7 55.Kg4 Kxg6 56.Kf4 Rd7
57.Rc8 Rd4+  0-1

[Event "TCh-CHN"]
[Site "Shanghai CHN"]
[Date "2010.07.25"]
[Round "8"]
[White "Li Shilong"]
[Black "Zeng Chongsheng"]
[Result "1-0"]
[WhiteElo "2514"]
[BlackElo "2350"]

1.d4 d5 2.c4 c6 3.Nf3 Nf6 4.Nc3 dxc4 5.a4 Bf5 6.Ne5 Nbd7 7.Nxc4 Qc7 8.g3 e5
9.dxe5 Nxe5 10.Bf4 Nfd7 11.Bg2 f6 12.O-O Nc5 13.Ne3 Bg6 14.b4 Ne6 15.b5 Rd8
16.Qb3 Nd4 17.Qb2 Bc5 18.a5 O-O 19.a6 b6 20.bxc6 Ndxc6 21.Nb5 Qf7 22.Rfd1 Kh8
23.h3 Rd7 24.Rxd7 Qxd7 25.Rd1 Qc8 26.Nd6 Qe6 27.Nb7 Nb4 28.Nd5 Bc2 29.Nxc5 bxc5
30.Rc1 Nxd5 31.Bxe5 Nb4 32.Bf4 Qxe2 33.Qc3 Qb5 34.Bd6 Rd8 35.Qxc5 Qxc5 36.Bxc5 Nd3
37.Rxc2 Rc8 38.Bb7 Rxc5 39.Rd2  1-0

[Event "TCh-MNE Premier League"]
[Site "Cetinje MNE"]
[Date "2010.07.27"]
[Round "4"]
[White "Rajkovic,Du"]
[Black "Jakovljevic,Vlado"]
[Result "1-0"]
[WhiteElo "2453"]
[BlackElo "2383"]

1.d4 d5 2.c4 c6 3.Nf3 Nf6 4.Nc3 dxc4 5.a4 Bf5 6.e3 e6 7.Bxc4 Bb4 8.O-O O-O
9.Nh4 Bg4 10.f3 Bh5 11.g3 Qe7 12.Qb3 c5 13.Na2 Ba5 14.Qa3 b6 15.e4 Nc6 16.Be3 Nb4
17.Rac1 Nxa2 18.Qxa2 cxd4 19.Bxd4 Rfd8 20.Bf2 g5 21.g4 gxh4 22.gxh5 Nxh5
23.Kh1 Qf6 24.Qb3 Rd2 25.Qe3 Rxb2 26.Rg1+ Kf8 27.e5 Qf4 28.Qa3+ Rb4 29.Be1 Ke8
30.Bxb4 Bxb4 31.Rg8+ Kd7 32.Bb5+ Ke7 33.Rc7+  1-0

[Event "TCh-MNE Premier League"]
[Site "Cetinje MNE"]
[Date "2010.07.27"]
[Round "4"]
[White "Tadic,Br"]
[Black "Bogosavljevic,B"]
[Result "0-1"]
[WhiteElo "2543"]
[BlackElo "2551"]

1.Nf3 Nf6 2.c4 c6 3.d4 d5 4.Nc3 dxc4 5.a4 Bf5 6.Ne5 Nbd7 7.Nxc4 Nb6 8.Ne5 a5
9.f3 Nfd7 10.Nxd7 Nxd7 11.e4 Bg6 12.Be2 e5 13.dxe5 Bc5 14.f4 Qb6 15.Rf1 Bg1
16.f5 O-O-O 17.Bf4 Nc5 18.Qc2 Bh5 19.Nd5 cxd5 20.Bxh5 Kb8 21.Ra3 dxe4 22.e6+ Ka8
23.Be2 Bd4 24.Bb5 fxe6 25.Bg5 Rc8 26.Qd1 Bxb2 27.Ra2 Bc3+ 28.Ke2 exf5 29.Rc2 Ne6
30.Be3 Bd4 31.Bd2 Bc5 32.Bc3 Bb4 33.Be5 Rc5 34.Rxc5 Qxc5 35.Rxf5 Rd8 36.Qb1 Nd4+  0-1

[Event "21st Czech GM Open"]
[Site "Pardubice CZE"]
[Date "2010.07.27"]
[Round "5"]
[White "Kantans,T"]
[Black "Congiu,M"]
[Result "1-0"]
[WhiteElo "2343"]
[BlackElo "2199"]

1.d4 d5 2.c4 c6 3.Nc3 Nf6 4.Nf3 dxc4 5.a4 Bf5 6.e3 e6 7.Bxc4 Bb4 8.O-O Nbd7
9.Qe2 Bg4 10.h3 Bxf3 11.Qxf3 O-O 12.Rd1 Qe7 13.e4 e5 14.d5 Rfd8 15.Bg5 Nc5
16.a5 Bxc3 17.bxc3 h6 18.Bxf6 Qxf6 19.Qe3 cxd5 20.Bxd5 Rac8 21.Rdb1 Rc7 22.Rb5 Qf4
23.Rxc5 Qxe3 24.Rxc7 Qd2 25.Ra2 Qc1+ 26.Kh2 a6 27.c4 Qb1 28.Ra3 Qb4 29.Rf3 Rf8
30.Bxf7+ Kh7 31.Rg3 Qxa5 32.Rxb7 Kh8 33.Be6 g5 34.Bf5 Rf6 35.Rd3 Kg8 36.Rdd7 Qc5
37.Rd8+ Rf8 38.Be6+ Kh8 39.Rdd7  1-0

[Event "21st Czech GM Open"]
[Site "Pardubice CZE"]
[Date "2010.07.27"]
[Round "5"]
[White "Zakhartsov,Vi"]
[Black "Hasangatin,R"]
[Result "1/2-1/2"]
[WhiteElo "2608"]
[BlackElo "2498"]

1.d4 d5 2.c4 c6 3.Nf3 Nf6 4.Nc3 dxc4 5.a4 Bf5 6.Ne5 Nbd7 7.Nxc4 Nb6 8.Ne5 a5
9.Bg5 g6 10.e3 Bg7 11.Bd3 Bxd3 12.Nxd3 O-O 13.Qb3 Ra7 14.O-O Nbd5 15.Rfd1 Re8
16.Rab1 h6 17.Bh4 e6 18.Ne4 Re7 19.Nxf6+ Bxf6 20.Bxf6 Nxf6 21.Qc2 Qd6 22.Ne5 Nd7
23.Nc4 Qc7 24.e4 Ra8 25.Ne3 Nf6 26.e5 Nd5 27.Nxd5 cxd5 28.Qd2 Kh7 29.Rdc1 Qd8
30.Rc3 Rc7 31.Rbc1  1/2-1/2

[Event "TCh-MNE Premier League"]
[Site "Cetinje MNE"]
[Date "2010.07.28"]
[Round "5"]
[White "Jakovljevic,Vlado"]
[Black "Solak,D"]
[Result "1/2-1/2"]
[WhiteElo "2383"]
[BlackElo "2567"]

1.Nf3 d5 2.d4 Nf6 3.c4 c6 4.Nc3 dxc4 5.a4 Bf5 6.Ne5 e6 7.f3 Bb4 8.e4 Bxe4
9.fxe4 Nxe4 10.Bd2 Qxd4 11.Nxe4 Qxe4+ 12.Qe2 Bxd2+ 13.Kxd2 Qd5+ 14.Kc2 O-O
15.Nxc4 Rd8 16.Qf3 Na6 17.Be2 Nb4+ 18.Kb3 Qc5 19.Rhc1 Rd4 20.Rd1 e5 21.Rxd4 exd4
22.Rf1 Rf8 23.Na3 Qb6 24.Nc4 Qc5 25.Na3 Qb6 26.Nc4 Qc5 27.Na3 Qb6  1/2-1/2

[Event "ch-AUT"]
[Site "Vienna AUT"]
[Date "2010.07.28"]
[Round "5"]
[White "Krebs,Jo"]
[Black "Schachinger,M"]
[Result "1/2-1/2"]
[WhiteElo "2229"]
[BlackElo "2353"]

1.d4 d5 2.c4 c6 3.Nf3 Nf6 4.Nc3 dxc4 5.a4 Bf5 6.Ne5 Nbd7 7.Nxc4 Qc7 8.g3 e5
9.dxe5 Nxe5 10.Bf4 Nfd7 11.Bg2 g5 12.Nxe5 gxf4 13.Nxd7 O-O-O 14.Qd4 Qxd7
15.Qxf4 Bd6 16.Qh6 a5 17.O-O Qe6 18.Qxe6+ Bxe6 19.Rfd1 Bb4 20.Be4 h5 21.Bc2 h4
22.Rxd8+ Kxd8 23.Rd1+ Ke7 24.Kg2 hxg3 25.hxg3 Rh5 26.Bd3 Bb3 27.Ra1 Bxc3
28.bxc3 Rc5 29.Kf3 Bd5+ 30.Ke3 Rxc3 31.Kd4 Rb3 32.e4 Rb4+ 33.Kc3 Be6 34.e5 Bd5
35.f4 c5 36.Rb1 Rxa4 37.Rb5  1/2-1/2

[Event "TCh-MNE Premier League"]
[Site "Cetinje MNE"]
[Date "2010.07.29"]
[Round "6"]
[White "Jakovljevic,Vlado"]
[Black "Savic,Miod1"]
[Result "1/2-1/2"]
[WhiteElo "2383"]
[BlackElo "2477"]

1.Nf3 Nf6 2.c4 c6 3.d4 d5 4.Nc3 dxc4 5.a4 Bf5 6.e3 e6 7.Bxc4 Bb4 8.O-O O-O
9.Qe2 Ne4 10.Nxe4 Bxe4 11.b3 Nd7 12.Bb2 Qa5 13.Rfd1 Rfd8 14.Rac1 h6 15.Ne1 a6
16.Bd3 Qd5 17.Bxe4 Qxe4 18.Qd3 Qh4 19.Nf3 Qe7 20.Qe4 Ba3 21.Qb1 Rac8 22.Rc2 Bxb2
23.Qxb2 e5 24.d5 cxd5 25.Rxd5 e4 26.Nd4 Ne5 27.Rxd8+ Qxd8 28.Qc1 Rxc2 29.Qxc2 Qd5
30.h3 g6 31.Qc7 Kg7 32.Qc3 Kh7 33.Qc7 Nd3 34.Qc3 Qc5 35.Qxc5 Nxc5 36.Kf1 Kg7
37.Ke2 Kf6 38.Kd2 Ke5 39.Kc3 Nd3 40.f4+ Kd5 41.Nc2 Kc5 42.Kd2 h5 43.Kc3 h4
44.Kd2 Nb4 45.Na3 Nd5 46.Nc2 b6 47.Kd1 Nb4 48.Na3 Nc6 49.Nc2 Ne7 50.Kd2 f6
51.Kd1 Nc6 52.Kd2 Kd5 53.Kc3 Kc5 54.Kd2 Nb4 55.Na3 g5 56.fxg5 fxg5 57.Kd1 Nd5
58.Nc2 b5 59.axb5 axb5 60.Kd2 Nf6 61.Kc3 g4 62.b4+ Kd5 63.Nd4 gxh3 64.gxh3 Ke5
65.Kd2 Nd5 66.Nxb5 Nxb4 67.Ke2 Nd5 68.Kf2 Nf6 69.Nd4 Nd5 70.Nc6+ Ke6 71.Nd4+ Kf6
72.Nc2 Ne7 73.Ne1 Ke5 74.Ng2 Nf5 75.Ke2 Kd5 76.Kd2 Kc4 77.Kc2 Kd5 78.Kc3 Kc5
79.Kb3 Kb5  1/2-1/2

[Event "MTO"]
[Site "Biel SUI"]
[Date "2010.07.30"]
[Round "11"]
[White "Paikidze,N"]
[Black "Kuhn,T"]
[Result "1-0"]
[WhiteElo "2346"]
[BlackElo "2218"]

1.Nf3 d5 2.d4 Nf6 3.c4 c6 4.Nc3 dxc4 5.a4 Bf5 6.e3 e6 7.Bxc4 Bb4 8.O-O O-O
9.Qe2 Bg4 10.h3 Bh5 11.Rd1 Nbd7 12.e4 Qe7 13.e5 Nd5 14.Ne4 f6 15.exf6 N7xf6
16.Bg5 Qf7 17.Nxf6+ gxf6 18.Bxd5 exd5 19.Bf4 Rfe8 20.Qd3 Re4 21.Bg3 a5 22.Qb3 Rae8
23.Rd3 Bxf3 24.Rxf3 Rxd4 25.Rf5 Rde4 26.Qf3 R8e6 27.Rd1 Kh8 28.Bf4 Qg6 29.g4 Bc5
30.b3 Kg8 31.Bg3 Kg7 32.Kg2 Bd4 33.h4 h6 34.Kh3 Be5 35.h5 Qe8 36.Bh4 Qe7
37.Rg1 Qb4 38.Bg3 Bxg3 39.Rxg3 Qe7 40.Qc3 Qb4 41.Qf3 R4e5 42.Rf4 Qd2 43.g5 hxg5
44.h6+ Kg6 45.h7 Kxh7 46.Qh5+ Kg7 47.Rh4 Re8 48.Qh7+ Kf8 49.Qg6 Ke7 50.Rh7+ Kd6
51.Qxf6+ Kc5 52.Rxb7 Qf4 53.Qg7 Qh4+ 54.Kg2 Qe4+ 55.Kg1 Qf4 56.Rc3+ Kd4 57.Re3 Kc5
58.Rc3+ Kd4 59.Rh3 Re6 60.Rf7 Qc1+ 61.Kg2 Kc5 62.Qf8+ Kd4 63.Rf5 Re4  1-0

[Event "21st Czech GM Open"]
[Site "Pardubice CZE"]
[Date "2010.07.30"]
[Round "8"]
[White "Pileckis,E"]
[Black "Kuljasevic,D"]
[Result "0-1"]
[WhiteElo "2438"]
[BlackElo "2551"]

1.Nf3 d5 2.d4 Nf6 3.c4 c6 4.Nc3 dxc4 5.a4 Bf5 6.Ne5 Nbd7 7.Nxc4 Qc7 8.Qd2 Be6
9.e4 Bxc4 10.Bxc4 e5 11.dxe5 Nxe5 12.Be2 Bc5 13.O-O O-O 14.Qc2 Rad8 15.g3 Rd7
16.Kg2 Rfd8 17.Bf4 Bd4 18.a5 Qd6 19.Rfd1 Qe6 20.Ra4 h6 21.h3 a6 22.Bc1 Bxf2
23.Kxf2 Qxh3 24.Rg1 Nfg4+ 25.Bxg4 Qh2+ 26.Rg2 Nxg4+ 27.Kf3 Qh5 28.Ke2 Qh1
29.Kf3 Ne5+ 30.Kf4 Nd3+ 31.Kg4 h5+ 32.Kg5 f6+ 33.Kg6 Ne5+ 34.Kf5 Qh3+ 35.Kf4 Qg4+  0-1

[Event "ch-CRC"]
[Site "San Jose CRC"]
[Date "2010.07.30"]
[Round "4"]
[White "Arias Santana,M"]
[Black "Munoz,Ca"]
[Result "1-0"]
[WhiteElo "2345"]
[BlackElo "2033"]

1.d4 d5 2.c4 c6 3.Nc3 Nf6 4.Nf3 dxc4 5.a4 Bf5 6.e3 e6 7.Bxc4 Bb4 8.O-O Nbd7
9.Qe2 O-O 10.Nh4 Bg6 11.Nxg6 hxg6 12.Rd1 Qa5 13.e4 Qh5 14.Bf4 Qxe2 15.Bxe2 Bxc3
16.bxc3 Nxe4 17.Rac1 Nb6 18.f3 Nxc3 19.Rxc3 Nd5 20.Bd2 Nxc3 21.Bxc3 Rfd8
22.Rb1 Rd7 23.Kf2 f6 24.f4 Kf7 25.g4 Rh8 26.Kg3 f5 27.h3 Rhd8 28.Bc4 b6 29.Re1 Re8
30.Re5 a6 31.gxf5 gxf5 32.Rxf5+ Kg8 33.Re5 b5 34.axb5 axb5 35.Bxe6+ Rxe6
36.Rxe6 c5 37.Rb6 cxd4 38.Bd2 Rd5 39.Rb7 Rc5 40.Kf3 Rh5 41.Ke4 d3 42.Kxd3 Rxh3+
43.Be3 Rh5 44.Bd4 Rh3+ 45.Ke4 b4 46.Rxg7+  1-0

[Event "Open"]
[Site "Szombathely HUN"]
[Date "2010.07.31"]
[Round "5"]
[White "Flumbort,A"]
[Black "Jurcik,Mari"]
[Result "1/2-1/2"]
[WhiteElo "2540"]
[BlackElo "2484"]

1.d4 d5 2.c4 dxc4 3.Nf3 Nf6 4.Nc3 c6 5.a4 Bf5 6.Ne5 Nbd7 7.Nxc4 Nb6 8.Ne5 a5
9.f3 Nfd7 10.e4 Nxe5 11.dxe5 Qxd1+ 12.Kxd1 Be6 13.Kc2 f6 14.Rb1 Nd7 15.b4 Nxe5
16.bxa5 Bc8 17.a6 bxa6 18.a5 e6 19.Na4 Bd6 20.Nb6 Rb8 21.Nxc8 Rxc8 22.Bd2 Ra8
23.Rb6 Kd7 24.Rxa6 Kc7 25.Rxa8 Rxa8 26.f4 Nd7 27.Bc4 e5 28.f5 Nc5 29.Re1 Na6
30.Bxa6 Rxa6 31.h4 Ra7 32.g4 h6 33.Bc3 Bc5 34.Re2 Bd4 35.Bd2 Rb7 36.g5 hxg5
37.hxg5 fxg5 38.Rh2 g4 39.Rh4 Kd6 40.Rxg4 Kc5 41.Rg6 Kb5 42.Re6 c5 43.Be1 c4
44.Bg3 Kxa5 45.Bxe5 Bxe5 46.Rxe5+ Kb4  1/2-1/2

[Event "TCh-MNE Premier League"]
[Site "Cetinje MNE"]
[Date "2010.08.01"]
[Round "9"]
[White "Tadic,Br"]
[Black "Solak,D"]
[Result "0-1"]
[WhiteElo "2543"]
[BlackElo "2567"]

1.Nf3 d5 2.d4 Nf6 3.c4 c6 4.Nc3 dxc4 5.a4 Bf5 6.Ne5 e6 7.f3 Bb4 8.Nxc4 O-O
9.Bg5 h6 10.Bh4 c5 11.dxc5 Qxd1+ 12.Rxd1 Bc2 13.Rc1 Bxa4 14.Bxf6 gxf6 15.Ra1 Bb3
16.Nb6 Nc6 17.Nxa8 Rxa8 18.e3 Bxc5 19.Kf2 f5 20.Na4 Bxa4 21.Rxa4 Rd8 22.Ke2 Bb4
23.f4 Rd2+ 24.Kf3 Rxb2 25.Bb5 a5 26.Rd1 Ne7 27.Rd8+ Kg7 28.Rb8 Nd5 29.Rxb7 Be1
30.Ra1 Rf2+ 31.Kg3 Re2+ 32.Rxe1 Rxe1 33.Be8 Rxe3+ 34.Kf2 Kf8 35.Bxf7 a4 36.Bh5 Rb3
37.Rf7+ Kg8 38.Ra7 Nxf4 39.Be8 a3 40.g3 Nh3+ 41.Ke1 Kf8 42.Bh5 Rb2 43.Rxa3 Rxh2
44.Ra7 Ng5  0-1

[Event "19th Open"]
[Site "Kavala GRE"]
[Date "2010.08.03"]
[Round "5"]
[White "Khismatullin,D"]
[Black "Andriasian,Z"]
[Result "0-1"]
[WhiteElo "2667"]
[BlackElo "2588"]

1.d4 d5 2.c4 c6 3.Nf3 Nf6 4.Nc3 dxc4 5.a4 Bf5 6.Ne5 Nbd7 7.Nxc4 Qc7 8.g3 e5
9.dxe5 Nxe5 10.Bf4 Nfd7 11.Bg2 g5 12.Ne3 gxf4 13.Nxf5 O-O-O 14.Qc2 Ng4 15.a5 fxg3
16.hxg3 a6 17.Ra4 Ndf6 18.Bh3 Ne5 19.O-O Kb8 20.Ne4 Nxe4 21.Qxe4 Bc5 22.Qc2 Ba7
23.Rd1 h5 24.Kg2 Ka8 25.Rxd8+ Rxd8 26.Qc3 Bb8 27.Rh4 Rh8 28.Ng7 Rh7 29.Nf5 Ng6
30.Rd4 h4 31.e3 hxg3 32.f4 Ne7 33.Nxe7 Qxe7 34.Qd3 Rh5 35.Qe2 Rxa5 36.Kxg3 Rb5
37.Qd2 Qg5+ 38.Kf3 Qh4 39.Bg2 Bc7 40.Bf1 Qh5+ 41.Kf2 Rb3 42.Rd3 Ba5 43.Qc2 Rb5
44.Rb3 Rc5 45.Qe2 Qh4+ 46.Kf3 Be1 47.Rd3 f5  0-1

[Event "Politiken Cup"]
[Site "Copenhagen DEN"]
[Date "2010.08.08"]
[Round "10"]
[White "Mchedlishvili,M"]
[Black "Hector,J"]
[Result "1/2-1/2"]
[WhiteElo "2625"]
[BlackElo "2584"]

1.Nf3 d5 2.d4 Nf6 3.c4 c6 4.Nc3 dxc4 5.a4 Bf5 6.Ne5 Nbd7 7.Nxc4 Qc7 8.g3 e5
9.dxe5 Nxe5 10.Bf4 Nfd7 11.Bg2 f6 12.O-O Nc5 13.Ne3 Bg6 14.b4 Ne6 15.b5 Rd8
16.Qb3 Nd4 17.Qb2 Bc5 18.a5 O-O 19.a6 b6 20.bxc6 Ndxc6 21.Nb5 Qf7 22.Rfd1 Nb4
23.Rxd8 Rxd8 24.Bxe5 fxe5 25.Qxe5 Rf8 26.Rf1 Re8 27.Qf4 Qxf4 28.gxf4 Bh5
29.Re1 Nxa6 30.Nxa7 Bb4 31.Ra1 Bxe2 32.Bd5+ Kf8 33.Nc6 Bc5 34.Ne5 Rd8 35.Bc4 Bxc4
36.N3xc4 Nb4 37.Ra7 Nd5 38.Rb7 Kg8 39.Nd3 Bd4 40.Kg2 h5 41.Kf3 Nf6 42.Nde5 Ra8
43.Ne3 Ra3 44.Nc4 Rb3 45.Nd2 Ra3 46.Nc4 Rb3 47.Nd2 Rb4 48.Ne4 Nxe4 49.Kxe4 Bxe3+
50.Kxe3 Kh7 51.f5 Kg8 52.Kf3 b5 53.h3 Kf8 54.Kg3 h4+ 55.Kf3 Kg8 56.Ke3 Kf8
57.Kf3 Kg8 58.Ke3 Rb3+ 59.Kf4 Rxh3 60.Rxb5 Ra3 61.Kg4 h3 62.Rb1 Kf7 63.Rh1 Kf6
64.Rxh3 Rxh3  1/2-1/2